An investigation into appreciation used in book reviews in english /
Book reviews belong to a kind of academic discourse. It is multi-functional, not only providing an information service for the readers and but also an opportunity for reviewers to express their personal opinion of a published book. Basically, book reviews usually contain numerous evaluation resource...
Đã lưu trong:
| Tác giả chính: | |
|---|---|
| Tác giả khác: | |
| Định dạng: | Sách |
| Ngôn ngữ: | English |
| Được phát hành: |
2015.
|
| Những chủ đề: | |
| Các nhãn: |
Thêm thẻ
Không có thẻ, Là người đầu tiên thẻ bản ghi này!
|
| Thư viện lưu trữ: | Mạng thư viện Đại học Đà Nẵng |
|---|
| LEADER | 04302nam a22003611a 4500 | ||
|---|---|---|---|
| 001 | 000035487 | ||
| 003 | 11773 | ||
| 005 | 20210801113812.0 | ||
| 008 | 160107s2015 000 eng | ||
| 041 | |a eng | ||
| 082 | |a 420.4 |b NG-T | ||
| 100 | |a Nguyễn Đào Bích Ty | ||
| 245 | 3 | |a An investigation into appreciation used in book reviews in english / |c Nguyễn Đào Bích Ty. | |
| 260 | |c 2015. | ||
| 300 | |a 132tr . : |a ĐHĐN : |b ĐHĐN ; |c 30cm+. | ||
| 520 | |a Book reviews belong to a kind of academic discourse. It is multi-functional, not only providing an information service for the readers and but also an opportunity for reviewers to express their personal opinion of a published book. Basically, book reviews usually contain numerous evaluation resources which require the reviewers and the readers linguistic knowledge and skills to perform the reviewing and comprehending. This study examined the employment of expression of appreciation in English book reviews. All these texts were analyzed quantitatively and qualitatively. Moreover, the descriptive method was employed in doing this research. The study was conducted and based on a descriptive framework of traditional grammar, appraisal and speech act theory. By selecting 134 book reviews in English from some famous websites, the author of this study made a small corpus. The samples of appreciation are instances of words, phrases, and few small clauses identified in the light of the sub-categories of appreciation. The results reveal that adjective phrase is the highly used evaluative resource and has attributive or predicative functions in sentences. Significantly, the construction with pattern: “S + V + CsAPPRECIATION + A” is found very common in appreciation used in EBRs. Similarly, the kind of appreciation used the most was valuation followed by composition and reaction. The present study also investigated the ways in which the writer constructs an evaluative stance in EBRs by employing illocutionary force and boosters in attempt to interact with readers. Finally, the findings also aim at suggesting some implications for comprehending and using appreciation in book reviews as well as teaching English to Vietnamese learners, especially who are interested in the appraisal theory and the writing skill | ||
| 650 | |a appreciation used in book reviews in english | ||
| 653 | |a appreciation used in book |a book reviews in english | ||
| 700 | |a Ngũ Thiện Hùng |e supervisor | ||
| OWN | |a LNN | ||
| 902 | |a Luận văn thạc sĩ | ||
| AVA | |a UDN50 |b LNN |c English |d 420.4 NG-T |e available |t Error 5001 Not defined in file expand_doc_bib_avail. |f 1 |g 0 |h N |i 0 |j AN |k 1 | ||
| Z40 | 3 | |y An investigation into appreciation used in book reviews in english / |l Library of UFL |t VIEW |x http://catalog.udn.vn:80/F?func=service&doc_library=UDN01&local_base=UDN01&doc_number=000035487&sequence=000001&line_number=0001&func_code=DB_RECORDS&service_type=MEDIA |f tomtat_000011545.pdf |e pdf |s 000588981 |k 20210801 |m NTMTHI | |
| Z40 | 3 | |y An investigation into appreciation used in book reviews in english / |l Library of UFL |t VIEW |x http://catalog.udn.vn:80/F?func=service&doc_library=UDN01&local_base=UDN01&doc_number=000035487&sequence=000002&line_number=0002&func_code=DB_RECORDS&service_type=MEDIA |f luanvan_000011547.pdf |e pdf |s 001186783 |k 20210801 |m NTMTHI | |
| 999 | |a From the UDN01 | ||
| AVA | |a UDN50 |b LNN |c English |d 420.4 NG-T |e available |t Error 5001 Not defined in file expand_doc_bib_avail. |f 1 |g 0 |h N |i 0 |j AN |k 1 | ||
| TYP | |a Monograph | ||
| TYP | |a Printed language | ||
| 856 | |y An investigation into appreciation used in book reviews in english / |l Library of UFL |t VIEW |x http://catalog.udn.vn:80/F?func=service&doc_library=UDN01&local_base=UDN01&doc_number=000035487&sequence=000001&line_number=0001&func_code=DB_RECORDS&service_type=MEDIA |f tomtat_000011545.pdf |e pdf |s 000588981 |k 20210801 |m NTMTHI | ||
| 856 | |y An investigation into appreciation used in book reviews in english / |l Library of UFL |t VIEW |x http://catalog.udn.vn:80/F?func=service&doc_library=UDN01&local_base=UDN01&doc_number=000035487&sequence=000002&line_number=0002&func_code=DB_RECORDS&service_type=MEDIA |f luanvan_000011547.pdf |e pdf |s 001186783 |k 20210801 |m NTMTHI | ||
| 980 | |a Mạng thư viện Đại học Đà Nẵng | ||